| Registos Bibliográficos associados ao registo de autoridade |
|
Etiqueta de registo: 00645ccm 2200229 450 001 733222 003 http://id.bnportugal.gov.pt/bib/catbnp/733222 100 ## $a19970710d1853 m y0pory01030103ba 101 0# $afre 102 ## $aPT 106 ## $ar 200 1# $aMarche funebre pour le piano forte$bMúsica impressa]$fpar F.L. Casella 210 #9 $aLisboa$cJ.I. Canongia,$d[ca. 1853] 215 ## $a1 partitura ([1], 6 p.)$d32 cm 301 ## $aNº de chapa.: 156 500 10 $aMarchas,$rpf 606 ## $aMúsica para piano$zSéc. 19$j[Música impressa]$2SIPOR$31051965 606 ## $aMarchas$j[Música impressa]$2SIPOR$31321028 675 ## $a78.089.6$vBN$zpor$3536969 675 ## $a786.2$vBN$zpor$3295835 700 #1 $aCasella,$bFelicita,$fca. 1820-ca. 1865$3134701 801 #0 $aPT$bBN$gRPC 966 ## $lBN$mMUSICA$sM.P. 449//13 A. 997 ## $aBIBEOD
Etiqueta de registo: 00269ncs 2200145 450 001 1313377 003 http://id.bnportugal.gov.pt/bib/catbnp/1313377 100 ## $a20050223b18501857k y0pory01030103ba 101 0# $apor 102 ## $aPT 200 1# $aMelodia para canto e piano$bMúsica impressa]$fMusica M.me Felicia L. Casella$gPoesia do Sr. J. A. Sant'Anna e Vas.los 210 #9 $aLisboa$cJ. I. Canongia & C.ª,$d[entre 1850 e 1857] 215 ## $aPartitura (4 p.)$d32 cm 301 ## $aN.º de chapa: 332 500 10 $aCanções,$rV, pf,$uMi menor 530 1# $a Os doze meses do ano$vAno 1º, Nº 12 540 1# $a Os suspiros que soltas aos ventos 606 ## $aMúsica$j[Periódicos]$2SIPOR$3173438 606 ## $aMúsica para canto e piano$zSéc. 19$j[Música impressa]$2SIPOR$31117817 606 ## $aModinhas$j [Música impressa]$2SIPOR$31194623 620 ## $dLisboa 675 ## $a78(05)$vBN$zpor$3298618 675 ## $a78.089.6$vBN$zpor$3536969 675 ## $a784.3$vBN$zpor$3379590 700 #1 $aCasella,$bFelicita,$fca. 1820-ca. 1865$3134701 702 #1 $aVasconcelos,$bJacinto Augusto de Santana e,$fca 18--$4520$391221 712 02 $aJ. I. Canongia e C.ª$c(firma)$4650$31300432 801 #0 $aPT$bBN$gRPC 966 ## $lBN$mMUSICA$sM.P.P. 27//12 A. 997 ## $aBIBEOD
Etiqueta de registo: 00637cam 2200205 450 001 956301 003 http://id.bnportugal.gov.pt/bib/catbnp/956301 100 ## $a19990618d1852 m y0pory01030103ba 101 0# $apor 102 ## $aPT 105 ## $ay z 000yy 106 ## $ar 200 1# $aHayde$etragedia lyrica em 2 actos$fpoesia do Luiz Filippe Leite$gmusica de Casella 210 #9 $aPonta Delgada$cTyp. Soc. Auxiliadora das Letras Açorianas,$d1852 215 ## $a24 p.$d17 cm 606 ## $aLibretos$2SIPOR$3162053 675 ## $a78.089.1$vBN$zpor$3506605 700 #1 $aLeite,$bLuís Filipe,$f1828-1898$3787642 702 #1 $aCasella,$bFelicita,$fca. 1820-ca. 1865$4230$3134701 801 #0 $aPT$bBN$gRPC 966 ## $lBN$mFGMON$sL. 5727//4 P. 966 ## $lBN$mMICROF$nObra microfilmada$sF.G. 846 997 ## $aBIBEOD
Etiqueta de registo: 00269nam 2200145 450 001 1651718 003 http://id.bnportugal.gov.pt/bib/catbnp/1651718 100 ## $a20070731d1853 m y0pory01030103ba 101 0# $apor 102 ## $aPT 105 ## $ay z 000iy 106 ## $ar 200 1# $aHaydée$edrama em musica em 2 actos$ededicado a S. M. El-Rei o Senhor D. Fernando$fpoesia original do S.r Luiz Filippe Leite$gmusica de M.me F. L. Cazella 210 #9 $aLisboa$cImprensa da Rua da Condessa,$d1853 215 ## $a23 p.$d15 cm 300 ## $aPersonagens: O Conde de Morcef, O Conde de Monte-Christo, Haydée, Ali 317 ## $aTeatro de São Carlos$5PTBN:T.S.C. 716 P. 317 ## $aIPPC, Departamento de Musicologia$5PTBN: M. 3152 P. 500 10 $aHaydée.$nLibreto 601 02 $aTeatro de São Carlos$2SIPOR$315631 606 ## $aÓperas$j[Libretos]$2SIPOR$31158641 675 ## $a78.089.1$vBN$zpor$3506605 675 ## $a82-293$vBN$zpor$3488282 700 #1 $aLeite,$bLuís Filipe,$f1828-1898$3787642 701 #1 $aCasella,$bFelicita,$fca. 1820-ca. 1865$4230$3134701 702 #1 $aFernando II,$cRei de Portugal,$f1816-1885$4280$364157 712 01 $aPortugal.$bTeatro Nacional de São Carlos$4390$315629 712 01 $aPortugal.$bInstituto Português do Património Cultural.$bDepartamento de Musicologia$4390$3285717 801 #0 $aPT$bBN$gRPC 856 40 $2Cópia digital disponível na Library of Congress$uhttps://www.loc.gov/item/2010658393/ 966 ## $lBN$mMUSICA$sM. 3152 P.$x7 966 ## $lBN$mMUSICA$sT.S.C. 716 P. $x6 976 ## $d20260629$rmemarques 997 ## $aBIBEOD
|
|
|